zpět

Detail výsledku týmu

Kozlovka, Hradec Králové

Datum a čas kvízu

38 Celkem bodů Celkový počet nahraných bodů na tomto kvízu bez doplňovacích otázek.
2. Pořadí na kvízu Konečné umístění týmu na tomto kvízu.

Zaznamenané odpovědi

# Otázka Odpověď Body Výsledky
1. V masce kterého zvířete naruši... gorily 0
2. Malajsie a Indonésie se jako p... Grok 1
3. Minulý týden bylo oznámeno jmé... o Hanse Zimmera 1
4. Mladoboleslavská automobilka p... Epiq; Peaq 1
5. Česká republika získala zásluh... krasobruslení 1
6. Vaším úkolem v tématu bude odh... červená, žlutá 1
7. Teď se podíváme na domácí fotb... tři 1
8. Pojďme na hokej. Lev v logu BK... zelená 1
9. Na základě zobrazených barev l... New York Knicks 1
10. Které americké město oslavuje... Pittsburgh 0